header

Paideia (Record no. 13326)

MARC details
000 -LEADER
fixed length control field 01796nam a2200397 a 4500
245 00 - TITLE STATEMENT
Title Paideia
260 ## - PUBLICATION, DISTRIBUTION, ETC. (IMPRINT)
Place of publication Berlin ;
-- New York :
Name of publisher Walter de Gruyter,
Year of publication c2004.
300 ## - PHYSICAL DESCRIPTION
Number of Pages vi, 494 p. :
Other physical details ill., maps.
490 1# - SERIES STATEMENT
Series statement Millennium-Studien zu Kultur und Geschichte des ersten Jahrtausends n. Chr. = Millenium studies in the culture and history of the first millenium C.E.,
500 ## - GENERAL NOTE
General note Most of these papers originally presented at a conference on the "World of the Second Sophistic" held at the University of Heidelberg, March 2002.
650 #0 - SUBJECT ADDED ENTRY--TOPICAL TERM
Topical Term Civilization, Greco-Roman
Topical Term Sophists (Greek philosophy)
700 1# - ADDED ENTRY--PERSONAL NAME
Personal name Borg, Barbara.
856 40 - ELECTRONIC LOCATION AND ACCESS
Uniform Resource Identifier http://site.ebrary.com/lib/rucke/Doc?id=10256686

No items available.

© 2026 Rongo University
Contact us: librarian | system librarian | Rongo university